Význam interných dokladov účtovnej jednotky z hľadiska účtovníctva a internej kontroly (interného auditu) diplomová práca

Guardado en:
Detalles Bibliográficos
Autor principal: Bobušová, Linda
Autor Corporativo: Fakulta hospodárskej informatiky EU. Katedra účtovníctva a audítorstva
Otros Autores: Vépyová, Mária
Formato: Libro
Lenguaje:eslovaco
Publicado: Bratislava 2012
Etiquetas: Agregar Etiqueta
Sin Etiquetas, Sea el primero en etiquetar este registro!

MARC

LEADER 00000nbm a2200000 4500
001 0154795
005 20161109102145.2
041 0 |a slo 
044 |a SK 
245 1 0 |a Význam interných dokladov účtovnej jednotky z hľadiska účtovníctva a internej kontroly (interného auditu)  |b diplomová práca  |c Linda Bobušová ; školiteľ: Mária Vépyová 
264 1 |a Bratislava  |c 2012 
300 |a 65 s. 
100 1 |a Bobušová, Linda 
700 1 |a Vépyová, Mária 
710 2 |a Fakulta hospodárskej informatiky EU. Katedra účtovníctva a audítorstva